Trở thành chuyên gia Windows 98. T.1. T.1

Spremljeno u:
Bibliografski detalji
Format: Knjiga
Izdano: Thống kê 1999
Oznake: Dodaj oznaku
Bez oznaka, Budi prvi tko označuje ovaj zapis!
Thư viện lưu trữ: Mạng thư viện Đại học Đà Nẵng
LEADER 00506nam a2200217 a 4500
001 000028891
003 878
005 20171030145630.0
008 171030s1999
020 |c 50000 
040 |a LTT 
082 0 |a 005.4  |b Tr-T 
245 0 0 |a Trở thành chuyên gia Windows 98. T.1.  |n T.1 
260 |b Thống kê  |c 1999 
OWN |a LTT 
999 |a From the UDN01 
TYP |a Monograph 
TYP |a Printed language 
980 |a Mạng thư viện Đại học Đà Nẵng